000 00604nam a2200217 i 4500
001 bg
100 1 _aGOLINOWSKI, Kazimierz
245 0 _aJak prowadzić przedsiębiorstwo w warunkach reformy gospodarczej /
_cKazimierz Golinowski.
260 _aWarszawa :
_bKrajowa Agencja Wydawnicza,
_c1984.
300 _a206, [2] s. ;
_c22 cm.
490 1 _aabc Gospodarki
504 _aBibliogr. s. 204.
830 _aabc Gospodarki
020 _a8303006126
040 _cBPK
041 _apol
080 _a658.1/.5
920 _a83-03-00612-6
942 _cKS
008 s pl f |000 0 pol
999 _c1073
_d1073
856 _uhttp://koha.tu.koszalin.pl/cgi-bin/koha/opac-detail.pl?biblionumber=1073
_yKatalog online BPK